English-Polish homographs A-D Quiz Stats

 Plays Quiz not verified by Sporcle

Score 0/24 Timer 05:00
0 Plays Today
English meaning Homograph % Correct
Dog noise or tree skinBARK
91.2%
Shakespeare's '___ You Like It'AS
87.9%
Nocturnal flying mammalBAT
86.6%
InfantBABY
85%
Make beer or teaBREW
83.6%
Lager's cousinALE
82.3%
Personal vehicleCAR
82.3%
Spoiled child, punk, rascalBRAT
80.2%
CanineDOG
79.6%
Beaver's constructionDAM
79.4%
Native of CopenhagenDANE
76.9%
However, despite thisBUT
72.7%
English meaning Homograph % Correct
One of the spellings of a Russian emperorCZAR
70.2%
Household dutyCHORE
70%
Figures, information, detailsDATA
67.3%
Cover with soilBURY
66.5%
Flat brimless hatCAP
56.3%
Food regurgitated by a ruminantCUD
53.6%
Duke's domainDUCHY
53.6%
Backside, behindBUM
44.2%
The opposite of transCIS
41%
Falls, plummetsDROPS
39.9%
Business presentation aidCHART
29.2%
Dull and monotonousDRAB
23.9%

You're not logged in!

Compare scores with friends on all Sporcle quizzes.
OR
Log In

Sporcle TV

Today on Sporcle TV


Watch our educational content, quiz creation guides, and fun videos on Sporcle TV.

Show Comments

Extras

Top Quizzes Today


Score Distribution

Your Account Isn't Verified!

In order to create a playlist on Sporcle, you need to verify the email address you used during registration. Go to your Sporcle Settings to finish the process.

Report this User

Report this user for behavior that violates our Community Guidelines.

Details: